000 00407pam a2200169a 44500
008 230405s2015 xxu||||| |||| 00| 0 eng d
041 _aENG
100 _aPADMANABHAN T.R
245 _aDESIGN THROUGH VERILOG HDL
250 _a2015
260 _aNEW DELHI
_bJOHN WILEY & SONS
_c2015
300 _aP.B,XII,455
650 _aE&TC
690 _aE&TC
700 _aSUNDARI B.BALA TRIPURA
906 _a3700
999 _c817895
_d817895